Osobitná sadzba dane z príjmov

Zákon o daniach z príjmov už od svojho zavedenia v roku 1993 zabezpečuje zdaňovanie príjmov viacerými spôsobmi. Popri priznávaní príjmov za uplynulé zdaňovacie obdobie prostredníctvom daňového priznania existuje aj jednorazové zdaňovanie zrážkovou daňou. Zdaňovanie zrážkovou daňou je upravené v jedn...

Descripción completa

Guardado en:
Detalles Bibliográficos
Autor principal: Oláh, Eduard
Formato: Capítulo de libro
Lenguaje:eslovaco
Materias:
Etiquetas: Agregar Etiqueta
Sin Etiquetas, Sea el primero en etiquetar este registro!

MARC

LEADER 00000naa a2200000 4500
001 r046097
005 20231002123626.9
041 0 |a slo 
044 |a SK 
245 1 0 |a Osobitná sadzba dane z príjmov  |c Eduard Oláh 
520 |a Zákon o daniach z príjmov už od svojho zavedenia v roku 1993 zabezpečuje zdaňovanie príjmov viacerými spôsobmi. Popri priznávaní príjmov za uplynulé zdaňovacie obdobie prostredníctvom daňového priznania existuje aj jednorazové zdaňovanie zrážkovou daňou. Zdaňovanie zrážkovou daňou je upravené v jednotlivých ustanoveniach zákona č. 366/1999 Z.z. o daniach z príjmov v znení neskorších predpisov a spolu so súvisiacimi ustanoveniami dávajú zákonný rámec jej aplikácie. 
610 2 0 |a zdaňovanie 
610 2 0 |a sadzby daňové 
610 2 0 |a daňovníci 
610 2 0 |a základ dane 
610 2 0 |a zákony 
610 2 0 |a dane z príjmov 
610 2 0 |a Slovensko 
100 1 |a Oláh, Eduard